000 01061nam0a22002771 4500
001 rc\3702812
005 20260406081918.0
021 _aRU
_b[74-17183]
035 _a(NLR Aleph) 007763723
090 _a7394277
_c7394277
100 _a20130115d1974 |||y0rusy50 ca
101 0 _arus
102 _aRU
105 _ac z |||a|
200 1 _aОсобое подразделение
_eПовести
_f[Послесл. Б. Леонова]
210 _aМосква
_cВоениздат
_d1974
215 _a400 с., 1 л. портр.
_d20
327 1 _aСодерж.: Степан Буков; Петр Рябинкин; Сидор Цыплаков
464 0 _12001#$aСтепан Буков$aПетр Рябинкин$aСидор Цыплаков
_tСидор Цыплаков
700 1 _8rus
_7ca
_aКожевников
_bВ.М.
_gВадим Михайлович
_f1909-1984
_3RU\NLR\auth\7746721
_929656
702 1 _aЛеонов
_bБ.
_4080
801 0 _aRU
_bNLR
_gpsbo
801 1 _aRU
_bELAR
_2rusmarc
852 _aNLR
_j73-3/11162
942 _cBOOK
980 _aNB